Регионална библиотека "Любен Каравелов" - Русе

Публицистика и критика (Запис номер 95064)

MARC детайли
000 -Лидер
Контролно поле с фиксирана дължина 01372nam a2200349 c 4500
003 - Код на организацията, давaща контролен номер
Контролно поле BLK
005 - Дата и час на последна редакция
Контролно поле 20180422104948.0
008 - Елементи от данни с фиксирана дължина
fixed length control field 180408b bul|||||r ||||||| ||bul||
010 ## - Наследен системен номер
LC control number KNG00099915000
040 ## - Източник на каталожния запис
Идентификатор на билиотеката - собственик на записа BLK
041 ## - Код за език
Код за езика на текст/звукозапис или на отделно заглавие Български
Код за езика КДБФ Български
080 ## - УДК
Текстов определител УДК Есета. Очерци. Скици. Вж и 82-95
УДК код - определител по УДК 82-4
УДК определител
УДК - код + определител 82-4
080 ## - УДК
Текстов определител УДК Критиката като литературен жанр. Вж и 82. 09
УДК код - определител по УДК 82-95
УДК определител
УДК - код + определител 82-95
080 ## - УДК
Текстов определител УДК Вестници. Журналистика. Радио- и тележурналистика. Вж и 05; 070.48
УДК код - определител по УДК 07
УДК определител
УДК - код + определител 07
100 1# - Редна дума - Автор
Автор Абазов, Тодор Георгиев
Авторска отговорност първи автор
R(LIN) 369010
139 ## - Редно поле
Редна дума Абазов, Тодор Георгиев
Авторски знак Аб - А 12
245 10 - Сведения за заглавието
Заглавие Публицистика и критика
Редно поле (дума) Тодор Георгиев Абазов.
257 ## - Страна на издаване
Страна на създаване/издаване България
260 ## - Област на издателските данни
-- София
Име на издателя, разпространителя и проч. Бълг. писател
Година на издаване 1974
300 ## - Физическа характеристика
Страници 215 с.
Размери/Мащаб 18 см
380 ## - Жанр
Жанр Литературознание
650 #4 - Допълнително описание по предмет – тема
Основно описание – тема или топоним Публицистика, българска
9 (RLIN) 274835
650 #4 - Допълнително описание по предмет – тема
Основно описание – тема или топоним Критика
9 (RLIN) 159735
653 ## - Ключова дума – ненормативна
Ключова дума публицистика
653 ## - Ключова дума – ненормативна
Ключова дума критика
653 ## - Ключова дума – ненормативна
Ключова дума журналистика
852 ## - Местоположение
Форматна сигнатура Цб І 13928
856 4# - Електронен адрес и достъп
Електронен формат pdf - файл
Път до файла /url/
856 4# - Електронен адрес и достъп
Електронен формат pdf - файл
Път до файла /url/
942 ## - АРТИКУЛИ
Вид на библиотечния материал Книги
Скрит в OPAC Не
944 ## - СЪЗДАВАНЕ И РЕДАКЦИЯ на ЗАПИСА
Създаване/Редакция Създаване
Дата на регистрацията/редакция 24.02.2011
Статус, дата на статуса добави в АБ / 23.02.2011
Служител, извършил регистрацията/редакцията Кети_Илиева
944 ## - СЪЗДАВАНЕ И РЕДАКЦИЯ на ЗАПИСА
Създаване/Редакция Редакция
Дата на регистрацията/редакция 24.02.2011
Статус, дата на статуса добави в АБ / 23.02.2011
Служител, извършил регистрацията/редакцията
999 ## - СИСТЕМНИ КОНТРОЛНИ НОМЕРА
Koha biblionumber 95064
Koha biblioitemnumber 95064
Наличности
Код за отписване Код за изгубен артикул Източник на класификационната схема Код за повреда Коз за рестрикции Код за отдаване Артикулен № Име на библиотеката - собственик Име на библиотеката, в която се намира в момента Статус (Текущо местоположение) Дата на вписване в системата Местоположение - отдел Цена в лева Инвентарен номер Систематично азбучна сигнатура Баркод Номер на екземпляра Цена в евро Служебна бележка Служебен тип на артикула
  Не е изгубен Universal Decimal Classification Не е повреден само за читалня ползва се в читалня 152681 Регионална библиотека "Любен Каравелов" Русе Регионална библиотека "Любен Каравелов" Русе Хранилище 1974-01-01 Хранилище 0.94 172281 Цб І 13928 120000172281 1 0.48 Дост: Dp Вид: Д N: стар фонд Дата: 01.01.1974 Книги
Изтеглен Не е изгубен Universal Decimal Classification Не е повреден без рестрикции заемане за дома 152682 Регионална библиотека "Любен Каравелов" Русе Регионална библиотека "Любен Каравелов" Русе Заемна - подръчен фонд 1974-01-01 Заемна - подръчен фонд 0.94 172809 П 82-4/А 12 172809 2 0.48 Дост: Pk Вид: Ф N: стар фонд Дата: 01.01.1974 Книги
Vip Innovations Ltd, Rousse, Bulgaria 2025